00675nam a22001697a 4500003000900000008004100009040007100050082001700121100001900138245006000157260005000217300002700267505016700294650001700461650001600478650001100494AR-CdUCM190311b ||||| |||| 00| 0 spa d aMUNICIPALIDAD PROVINCIAL DEL CUSCOcBIBLIOTECA MUNICIPAL DEL CUSCO a379.2 /bM13 aMachaca Chambi aEncinas :bmaestro, progresista y hombre de izquierda / aSicuani :bImpr. Prelatura de Sicuani,c1980. a294 páginas;c21 cm. aSemblanza del maestro José Antonio Encinas -- La doctrina de las reformas de encinas -- Las esperencias y los resultados obtenidos por encinas en el 881 de Puno aBiografía  aEducadores  aPerú